| 000 | 00833nam a2200265Ia 4500 | ||
|---|---|---|---|
| 003 | OSt | ||
| 005 | 20220926012322.0 | ||
| 006 | a|||||r|||| 00| 0 | ||
| 007 | ta | ||
| 008 | 220923b |||||||| |||| 00| 0 eng d | ||
| 020 |
_a9781107103740 _c1295.00 |
||
| 037 |
_b1332, 24/03/2017, Dhanraj Book House _cGeneral Book |
||
| 040 |
_aRTL _cRTL _beng |
||
| 041 |
_2eng _aeng |
||
| 082 | _aX:77.4, Q6 | ||
| 100 | _aNATHAN Dev | ||
| 245 | 0 | _aLabour in global value chains in Asia | |
| 260 |
_aNew York _bCambridge University Press _c2016 |
||
| 300 |
_axvii,544p. _ccm. |
||
| 490 | _aCollected Papers in Theoretical Economics; Vol. 5 | ||
| 500 | _aBibliography chapterwise | ||
| 650 | _aCommerce | ||
| 942 |
_hX:77.4, Q6 _cGB _2CC |
||
| 999 |
_c622504 _d622504 |
||